[Event "FRA-chT Top 16 GpB"]
[Site "Chartres"]
[Date "2022.06.15"]
[Round "7.5"]
[White "Rouler, Charly"]
[Black "Dionisi, Thomas"]
[Result "0-1"]
[WhiteElo "2346"]
[BlackElo "2410"]
[PlyCount "72"]
[EventDate "2022.06.09"]
[EventType "team-tourn"]
[EventRounds "7"]
[EventCountry "FRA"]
[SourceTitle "CBM 208 Extra"]
[Source "ChessBase"]
[SourceDate "2022.07.31"]
[SourceVersion "1"]
[SourceVersionDate "2022.07.31"]
[SourceQuality "1"]
[WhiteTeam "Lyon"]
[BlackTeam "St Quentin"]
[WhiteTeamCountry "FRA"]
[BlackTeamCountry "FRA"]

1. d4 Nf6 2. c4 e6 3. Nc3 Bb4 4. Qc2 0-0 5. a3 Bxc3+ 6. Qxc3 b6 7. Bg5 Bb7 8. e3 d6 9. f3 Nbd7 10. Bd3 c5 11. Ne2 cxd4 12. exd4 Rc8 13. Qb3 d5 14. 0-0 dxc4 15. Bxc4 h6 16. Bh4 Qe7 17. Rfe1 g5 18. Bg3 Nh5 19. Bf2 Qd6 20. Nc3 Ndf6 21. Rac1 Nf4 22. h4 Kh8 23. hxg5 Rg8 24. Nb5 Qe7 25. gxf6 Rxg2+ 26. Kf1 Qxf6 27. Qe3 Rcg8 28. Qe5 Qxe5 29. Rxe5 Nh3 30. Rc2 Bxf3 31. Ke1 Rh2 32. Re3 Bh5 33. Bf1 Nf4 34. d5 Rh1 35. Re5 Nd3+ 36. Kd2 Nxe5 0-1

[Event "Lyon IM 04"]
[Site "Lyon"]
[Date "2019.04.23"]
[Round "3"]
[White "Sabuk, Piotr"]
[Black "Rouler, Charly"]
[Result "1/2-1/2"]
[WhiteElo "2374"]
[BlackElo "2374"]
[PlyCount "69"]
[EventDate "2019.04.22"]
[EventType "tourn"]
[EventRounds "9"]
[EventCountry "FRA"]
[EventCategory "4"]
[SourceTitle "EXT 2020"]
[Source "ChessBase"]
[SourceDate "2019.10.17"]
[SourceVersion "1"]
[SourceVersionDate "2019.10.17"]
[SourceQuality "1"]

1. d4 Nf6 2. c4 d6 3. Nc3 Nbd7 4. e4 e5 5. Nf3 g6 6. Be2 Bg7 7. 0-0 0-0 8. Be3 c6 9. d5 c5 10. Ne1 Ne8 11. g4 Kh8 12. Kh1 Qh4 13. Rg1 Qe7 14. Qc2 a6 15. a3 Nc7 16. Rb1 Rb8 17. b4 b6 18. Nd3 Rb7 19. Rg3 Na8 20. Qd2 Rc7 21. b5 a5 22. Kg2 f5 23. gxf5 gxf5 24. exf5 Nf6 25. Rg1 Bxf5 26. Kf1 Rg8 27. Bg5 Qf8 28. Bxf6 Qxf6 29. Bf3 Qh4 30. Bg4 Bg6 31. Rh3 Qf6 32. Rf3 Qh4 33. Rh3 Qf6 34. Rf3 Qh4 35. Rh3 1/2-1/2

[Event "EU-ch 12th"]
[Site "Aix les Bains"]
[Date "2011.03.31"]
[Round "9"]
[White "Rouler, Charly"]
[Black "Lobzhanidze, Davit"]
[Result "0-1"]
[WhiteElo "2291"]
[BlackElo "2489"]
[PlyCount "66"]
[EventDate "2011.03.22"]
[EventType "swiss"]
[EventRounds "11"]
[EventCountry "FRA"]
[SourceTitle "CBM 142 Extra"]
[Source "ChessBase"]
[SourceDate "2011.06.27"]
[SourceVersion "1"]
[SourceVersionDate "2011.06.27"]
[SourceQuality "1"]

1. d4 d6 2. g3 e5 3. dxe5 dxe5 4. Qxd8+ Kxd8 5. Bg2 c6 6. Nc3 f6 7. f4 Nd7 8. Nf3 Bb4 9. Bd2 exf4 10. Bxf4 Ne7 11. Nd4 Bxc3+ 12. bxc3 Ne5 13. Bxe5 fxe5 14. Nf3 Re8 15. Nxe5 Kc7 16. Bf3 Nf5 17. Ng4 Be6 18. 0-0 h5 19. Nf2 Ne3 20. Rfc1 h4 21. gxh4 Rh8 22. h5 Bf5 23. Nd3 g6 24. Kf2 Rae8 25. Rg1 gxh5 26. Rg7+ Kd6 27. Rxb7 Ng4+ 28. Kg3 h4+ 29. Kf4 Ref8 30. Rxa7 Nxh2 31. Ne1 Nf1 32. Rd1+ Ke6 33. Bxc6 Bxc2+ 0-1

[Event "EU-ch 12th"]
[Site "Aix les Bains"]
[Date "2011.03.26"]
[Round "5"]
[White "Rouler, Charly"]
[Black "Fargere, Francois"]
[Result "1/2-1/2"]
[WhiteElo "2291"]
[BlackElo "2520"]
[PlyCount "24"]
[EventDate "2011.03.22"]
[EventType "swiss"]
[EventRounds "11"]
[EventCountry "FRA"]
[SourceTitle "CBM 142 Extra"]
[Source "ChessBase"]
[SourceDate "2011.06.27"]
[SourceVersion "1"]
[SourceVersionDate "2011.06.27"]
[SourceQuality "1"]

1. d4 d5 2. c4 c6 3. e3 Nf6 4. Nc3 g6 5. Nf3 Bg7 6. Bd3 0-0 7. 0-0 Bg4 8. h3 Bxf3 9. Qxf3 e6 10. Rd1 Nbd7 11. b3 Re8 12. Bb2 a6 1/2-1/2

[Event "FRA-ch Accession"]
[Site "Nimes"]
[Date "2009.08.20"]
[Round "9"]
[White "Rodier, David"]
[Black "Rouler, Charly"]
[Result "1/2-1/2"]
[WhiteElo "2145"]
[BlackElo "2335"]
[PlyCount "106"]
[EventDate "2009.08.11"]
[EventType "swiss"]
[EventRounds "9"]
[EventCountry "FRA"]
[SourceTitle "CBM 132 Extra"]
[Source "ChessBase"]
[SourceDate "2009.11.03"]
[SourceVersion "1"]
[SourceVersionDate "2009.11.03"]
[SourceQuality "1"]

1. d4 Nf6 2. c4 g6 3. Nc3 Bg7 4. e4 d6 5. Nf3 0-0 6. Be2 Nbd7 7. 0-0 e5 8. dxe5 dxe5 9. Qc2 c6 10. Rd1 Qe7 11. b3 Nh5 12. g3 Re8 13. a4 Nf8 14. Ba3 Qf6 15. Bd6 Bg4 16. Ne1 Bh3 17. Nf3 Bh6 18. c5 Ng7 19. a5 a6 20. Na4 g5 21. Nb6 Rad8 22. Nc4 Ng6 23. Qb2 Ne6 24. b4 Bg7 25. b5 axb5 26. Nb6 g4 27. Ne1 Nd4 28. Bc7 Nxe2+ 29. Qxe2 Rxd1 30. Rxd1 Nf8 31. Nd7 Nxd7 32. Rxd7 Qe6 33. Qd3 Bf8 34. Bb6 Re7 35. Rd8 h6 36. Nc2 f5 37. Ne3 fxe4 38. Qxe4 Rf7 39. Rd1 Be7 40. Bc7 Bxc5 41. Bxe5 Bxe3 42. Rd8+ Rf8 43. Rxf8+ Kxf8 44. fxe3 h5 45. Qb4+ Ke8 46. Qe4 Kd8 47. Qf4 c5 48. Qf8+ Kd7 49. Qxc5 Qb3 50. Qd6+ Ke8 51. Qg6+ Qf7 52. Qxf7+ Kxf7 53. Bc3 Ke6 1/2-1/2

[Event "FRA-chT2 South 0809"]
[Site "France"]
[Date "2009.03.14"]
[Round "8.1"]
[White "Rouler, Charly"]
[Black "Dorfman, Josif D"]
[Result "1/2-1/2"]
[WhiteElo "2306"]
[BlackElo "2589"]
[PlyCount "85"]
[EventDate "2008.10.12"]
[EventType "team-tourn"]
[EventRounds "11"]
[EventCountry "FRA"]
[SourceTitle "EXT 2010"]
[Source "ChessBase"]
[SourceDate "2010.11.25"]
[SourceVersion "1"]
[SourceVersionDate "2010.11.25"]
[SourceQuality "1"]
[WhiteTeam "Clermont Ferrand"]
[BlackTeam "Monaco"]
[WhiteTeamCountry "FRA"]
[BlackTeamCountry "FRA"]

1. d4 d5 2. c4 e6 3. Nc3 c6 4. e3 Nf6 5. Nf3 Nbd7 6. Qc2 Bd6 7. b3 0-0 8. Be2 dxc4 9. bxc4 e5 10. 0-0 Re8 11. Rb1 Qe7 12. Rd1 Nf8 13. dxe5 Bxe5 14. Nxe5 Qxe5 15. h3 Bf5 16. Bd3 Bxd3 17. Rxd3 b6 18. Bb2 Qg5 19. Rbd1 Ng6 20. Ne2 Ne4 21. Rd7 Ne5 22. Bxe5 Qxe5 23. Nd4 Qf6 24. Nf3 h6 25. Rc7 Re7 26. Rxe7 Qxe7 27. Qd3 Re8 28. Qd7 c5 29. Qxe7 Rxe7 30. Rd8+ Kh7 31. Kf1 f6 32. a3 Rb7 33. Nd2 Nxd2+ 34. Rxd2 b5 35. cxb5 Rxb5 36. Rd7 Ra5 37. Rc7 Rxa3 38. Rxc5 a5 39. g4 a4 40. Ra5 Ra1+ 41. Kg2 a3 42. h4 g6 43. h5 1/2-1/2

[Event "FRA-chT2 South 0809"]
[Site "France"]
[Date "2008.11.22"]
[Round "2.1"]
[White "Rouler, Charly"]
[Black "Abello, Sebastien"]
[Result "0-1"]
[WhiteElo "2306"]
[BlackElo "2303"]
[PlyCount "54"]
[EventDate "2008.10.12"]
[EventType "team-tourn"]
[EventRounds "11"]
[EventCountry "FRA"]
[SourceTitle "EXT 2010"]
[Source "ChessBase"]
[SourceDate "2010.11.25"]
[SourceVersion "1"]
[SourceVersionDate "2010.11.25"]
[SourceQuality "1"]
[WhiteTeam "Clermont Ferrand"]
[BlackTeam "Vitrolles"]
[WhiteTeamCountry "FRA"]
[BlackTeamCountry "FRA"]

1. Nf3 Nf6 2. c4 g6 3. g3 Bg7 4. Bg2 0-0 5. 0-0 d6 6. d4 a6 7. Nc3 Nc6 8. h3 Rb8 9. e4 b5 10. cxb5 axb5 11. Re1 e5 12. d5 Ne7 13. b4 c6 14. dxc6 Nxc6 15. a3 Be6 16. Bb2 Qd7 17. Kh2 Bc4 18. Qd2 Rfd8 19. Rad1 Qa7 20. Bf1 Nd4 21. Kg2 Nxf3 22. Kxf3 d5 23. Nxd5 Rxd5 24. exd5 Bxd5+ 25. Ke2 Bc4+ 26. Kf3 Qb7+ 27. Ke3 Qe4# 0-1

[Event "FRA-ch Accession"]
[Site "Pau"]
[Date "2008.08.20"]
[Round "8"]
[White "Rouler, Charly"]
[Black "Rabineau, Clement"]
[Result "1/2-1/2"]
[WhiteElo "2326"]
[BlackElo "2234"]
[PlyCount "68"]
[EventDate "2008.08.11"]
[EventType "swiss"]
[EventRounds "9"]
[EventCountry "FRA"]
[SourceTitle "CBM 126 Extra"]
[Source "ChessBase"]
[SourceDate "2008.11.05"]
[SourceVersion "1"]
[SourceVersionDate "2008.11.05"]
[SourceQuality "1"]

1. d4 Nf6 2. c4 e6 3. Nc3 Bb4 4. Qc2 c5 5. dxc5 Na6 6. a3 Bxc3+ 7. Qxc3 Nxc5 8. f3 0-0 9. e4 d6 10. Be3 Qc7 11. Rd1 a5 12. Qd4 Ne8 13. e5 Nb3 14. Qc3 a4 15. exd6 Nxd6 16. Bf4 Rd8 17. Bd3 f6 18. Bxh7+ Kxh7 19. Qd3+ Kg8 20. Bxd6 Qa5+ 21. Qc3 Qxc3+ 22. bxc3 Na5 23. c5 Nc4 24. Ra1 e5 25. Ne2 Be6 26. Kf2 Rac8 27. f4 b6 28. fxe5 fxe5 29. Rhd1 Rd7 30. Rdb1 bxc5 31. Bb8 Rdd8 32. Ba7 Rd7 33. Bb8 Rdd8 34. Ba7 Rd7 1/2-1/2

[Event "FRA-ch Accession"]
[Site "Pau"]
[Date "2008.08.15"]
[Round "4"]
[White "Rouler, Charly"]
[Black "Sanchez, Nicolas"]
[Result "1-0"]
[WhiteElo "2326"]
[BlackElo "2229"]
[PlyCount "89"]
[EventDate "2008.08.11"]
[EventType "swiss"]
[EventRounds "9"]
[EventCountry "FRA"]
[SourceTitle "CBM 126 Extra"]
[Source "ChessBase"]
[SourceDate "2008.11.05"]
[SourceVersion "1"]
[SourceVersionDate "2008.11.05"]
[SourceQuality "1"]

1. d4 Nf6 2. c4 g6 3. g3 Bg7 4. Bg2 0-0 5. Nf3 d6 6. 0-0 Nbd7 7. Nc3 e5 8. h3 a6 9. Be3 Re8 10. Qd2 Rb8 11. Rfd1 exd4 12. Nxd4 Ne5 13. b3 Bd7 14. Rac1 Qc8 15. Kh2 h5 16. Bg5 Nh7 17. Bf4 Qd8 18. h4 Nf8 19. Kg1 Kh7 20. Nf3 Ng4 21. Nd5 Ne6 22. Nxc7 Nxc7 23. Qxd6 Bf5 24. Qxd8 Rbxd8 25. Rxd8 Rxd8 26. Bxc7 Rd7 27. Bf4 Bb2 28. Rf1 Kg7 29. Bc1 Bc3 30. Ba3 b5 31. cxb5 axb5 32. Bc5 b4 33. e3 Rc7 34. Bb6 Rc6 35. Bd4+ f6 36. Rc1 Rc8 37. a4 Ne5 38. Nxe5 fxe5 39. Bb6 e4 40. a5 Rc6 41. Bf1 Bc8 42. Rd1 Be5 43. Bc4 Kf8 44. Rd5 Bc3 45. Bb5 1-0

[Event "FRA-ch Accession"]
[Site "Aix les Bains"]
[Date "2007.08.18"]
[Round "5"]
[White "Rainfray, Arnaud"]
[Black "Rouler, Charly"]
[Result "1-0"]
[WhiteElo "2393"]
[BlackElo "2284"]
[PlyCount "57"]
[EventDate "2007.08.13"]
[EventType "swiss"]
[EventRounds "11"]
[EventCountry "FRA"]
[SourceTitle "CBM 120 Extra"]
[Source "ChessBase"]
[SourceDate "2007.11.01"]
[SourceVersion "1"]
[SourceVersionDate "2007.11.01"]
[SourceQuality "1"]

1. e4 c5 2. Nf3 e6 3. c3 Nf6 4. e5 Nd5 5. d4 cxd4 6. cxd4 b6 7. Bd3 Be7 8. 0-0 Ba6 9. Nc3 Nxc3 10. bxc3 Bxd3 11. Qxd3 0-0 12. d5 exd5 13. Qxd5 Na6 14. Rd1 Qc8 15. Be3 Qxc3 16. Qxd7 Bc5 17. Bf4 Qc2 18. Bg3 Nb8 19. Qb7 Nc6 20. e6 Rae8 21. Rac1 Qa4 22. Ng5 fxe6 23. Rd7 Re7 24. Nxe6 Na5 25. Rxe7 Nxb7 26. Rxg7+ Kh8 27. Be5 Rxf2 28. Rxb7+ Rf6+ 29. Kh1 1-0

[Event "FRA-ch Accession"]
[Site "Aix les Bains"]
[Date "2007.08.17"]
[Round "4"]
[White "Rouler, Charly"]
[Black "Olivier, Jean Christophe"]
[Result "1/2-1/2"]
[WhiteElo "2284"]
[BlackElo "2403"]
[PlyCount "89"]
[EventDate "2007.08.13"]
[EventType "swiss"]
[EventRounds "11"]
[EventCountry "FRA"]
[SourceTitle "CBM 120 Extra"]
[Source "ChessBase"]
[SourceDate "2007.11.01"]
[SourceVersion "1"]
[SourceVersionDate "2007.11.01"]
[SourceQuality "1"]

1. d4 Nf6 2. c4 e6 3. Nc3 Bb4 4. Qc2 Nc6 5. Nf3 d6 6. Bd2 0-0 7. a3 Bxc3 8. Bxc3 Qe7 9. g3 e5 10. d5 Nb8 11. Bg2 Nbd7 12. e4 Nb6 13. Bd2 c6 14. 0-0 cxd5 15. cxd5 Bd7 16. b3 Bb5 17. Rfc1 Rfc8 18. Bc3 a5 19. a4 Ba6 20. Qb1 Nbd7 21. Bxa5 Rxc1+ 22. Qxc1 Nxe4 23. Bb4 Nec5 24. Qe3 b6 25. Nd2 f5 26. Bf1 Bxf1 27. Rxf1 Nf6 28. Qf3 g6 29. Nc4 e4 30. Qd1 Rb8 31. Ba3 b5 32. Na5 Qf7 33. Nc6 Re8 34. Bxc5 dxc5 35. axb5 Qxd5 36. Qc2 e3 37. fxe3 Rxe3 38. Qc4 Kg7 39. Qxd5 Nxd5 40. Rd1 Nb6 41. Na5 Kf6 42. Rd8 Re6 43. Nc4 Nxc4 44. bxc4 Re4 45. b6 1/2-1/2

[Event "FRA-ch Accession"]
[Site "Aix les Bains"]
[Date "2003.08.20"]
[Round "3"]
[White "Rouler, Charly"]
[Black "Ferry, Roger"]
[Result "1-0"]
[WhiteElo "2257"]
[BlackElo "2180"]
[PlyCount "87"]
[EventDate "2003.08.19"]
[EventType "swiss"]
[EventRounds "11"]
[EventCountry "FRA"]
[SourceTitle "EXT 2004"]
[Source "ChessBase"]
[SourceDate "2003.11.25"]
[SourceVersion "1"]
[SourceVersionDate "2003.11.25"]
[SourceQuality "1"]

1. Nf3 d5 2. d4 c6 3. c4 Nf6 4. Nc3 Bf5 5. cxd5 cxd5 6. Qb3 Qb6 7. Nxd5 Nxd5 8. Qxd5 e6 9. Qb3 Bb4+ 10. Bd2 Nc6 11. e3 0-0 12. a3 Bxd2+ 13. Nxd2 Qxb3 14. Nxb3 Rfc8 15. Be2 Ne7 16. Bd1 Rc7 17. Rc1 Rxc1 18. Nxc1 Rc8 19. Kd2 Nc6 20. Nd3 Na5 21. b3 Bxd3 22. Kxd3 Rc1 23. g3 Nxb3 24. Bf3 Rc7 25. Rb1 Na5 26. d5 exd5 27. Bxd5 Kf8 28. e4 Ke7 29. f4 b6 30. g4 Nb7 31. g5 Nc5+ 32. Kd2 Kd6 33. Ke3 f5 34. Rd1 g6 35. Bg8+ Kc6 36. exf5 gxf5 37. h4 Rg7 38. Ba2 Re7+ 39. Kf3 Ne4 40. h5 b5 41. Bd5+ Kc5 42. Bxe4 fxe4+ 43. Ke3 h6 44. g6 1-0

[Event "FRA-ch Accession"]
[Site "Aix les Bains"]
[Date "2003.08.20"]
[Round "1"]
[White "Rouler, Charly"]
[Black "Soyez, Cyril"]
[Result "0-1"]
[WhiteElo "2257"]
[BlackElo "2113"]
[PlyCount "44"]
[EventDate "2003.08.19"]
[EventType "swiss"]
[EventRounds "11"]
[EventCountry "FRA"]
[SourceTitle "EXT 2004"]
[Source "ChessBase"]
[SourceDate "2003.11.25"]
[SourceVersion "1"]
[SourceVersionDate "2003.11.25"]
[SourceQuality "1"]

1. d4 Nf6 2. c4 c5 3. Nf3 cxd4 4. Nxd4 e5 5. Nb5 d5 6. cxd5 Bb4+ 7. Bd2 Bc5 8. Qc2 Na6 9. a3 Ng4 10. e3 Qh4 11. Nc7+ Nxc7 12. Qxc5 Qxf2+ 13. Kd1 Bd7 14. Nc3 Qf5 15. e4 Qf6 16. Qxc7 Nf2+ 17. Kc2 Nxh1 18. Qxb7 0-0 19. Qxd7 Nf2 20. Be2 Qg6 21. Bf3 Rac8 22. Re1 Qa6 0-1

[Event "FRA-ch Accession"]
[Site "Aix les Bains"]
[Date "2003.08.19"]
[Round "10"]
[White "Tournier, Mathieu"]
[Black "Rouler, Charly"]
[Result "0-1"]
[WhiteElo "2173"]
[BlackElo "2257"]
[PlyCount "90"]
[EventDate "2003.08.19"]
[EventType "swiss"]
[EventRounds "11"]
[EventCountry "FRA"]
[SourceTitle "EXT 2004"]
[Source "ChessBase"]
[SourceDate "2003.11.25"]
[SourceVersion "1"]
[SourceVersionDate "2003.11.25"]
[SourceQuality "1"]

1. e4 c5 2. c3 Nf6 3. e5 Nd5 4. d4 cxd4 5. Nf3 e6 6. cxd4 b6 7. Nc3 Nxc3 8. bxc3 Bb7 9. Bd3 Qc7 10. Bd2 d6 11. 0-0 Nd7 12. Ng5 dxe5 13. Qh5 g6 14. Qh3 Bg7 15. Rae1 Nf6 16. Bb5+ Kf8 17. dxe5 Nd7 18. Qxe6 Nxe5 19. Bf4 fxe6 20. Nxe6+ Kf7 21. Nxc7 Rac8 22. Bxe5 Bxe5 23. Rxe5 Rxc7 24. Rd1 Bc8 25. Rd3 Bf5 26. Rf3 Kf6 27. Ree3 h5 28. h3 Kg5 29. Rg3+ Kf6 30. Re8 Rxe8 31. Bxe8 Rc8 32. Re3 Rd8 33. a4 Rd2 34. Bb5 Rc2 35. Kf1 Ra2 36. Rf3 Ke5 37. Re3+ Kf6 38. Re8 Bc2 39. Rf8+ Kg5 40. f4+ Kh4 41. Bc6 Kg3 42. Rf6 Bf5 43. Rf7 Ra3 44. Rxa7 Rxc3 45. Ba8 Re3 0-1

[Event "FRA-ch Accession"]
[Site "Aix les Bains"]
[Date "2003.08.05"]
[Round "7"]
[White "Bleunven, Andre"]
[Black "Rouler, Charly"]
[Result "1-0"]
[WhiteElo "2197"]
[BlackElo "2257"]
[PlyCount "57"]
[EventDate "2003.08.19"]
[EventType "swiss"]
[EventRounds "11"]
[EventCountry "FRA"]
[SourceTitle "EXT 2004"]
[Source "ChessBase"]
[SourceDate "2003.11.25"]
[SourceVersion "1"]
[SourceVersionDate "2003.11.25"]
[SourceQuality "1"]

1. Nf3 Nf6 2. c4 g6 3. Nc3 Bg7 4. e4 d6 5. d4 0-0 6. Be2 e5 7. 0-0 Nbd7 8. Qc2 c6 9. Rd1 Qe7 10. Rb1 h6 11. d5 c5 12. a3 Nh7 13. Bd3 Ndf6 14. b4 b6 15. bxc5 bxc5 16. Nd2 Nh5 17. Nb3 f5 18. Na5 Nf4 19. Nc6 Qf7 20. Nb5 Qd7 21. Bxf4 exf4 22. exf5 gxf5 23. Re1 Bf6 24. Re6 Qg7 25. Bxf5 Bxe6 26. Bxe6+ Kh8 27. Nxd6 Ng5 28. Kh1 Qc7 29. Rb7 1-0

[Event "FRA-ch U20"]
[Site "Amiens"]
[Date "2001.04.13"]
[Round "6"]
[White "Bazart, David"]
[Black "Rouler, Charly"]
[Result "1-0"]
[WhiteElo "2152"]
[BlackElo "2100"]
[PlyCount "73"]
[EventDate "2001.04.??"]
[EventType "swiss"]
[EventRounds "9"]
[EventCountry "FRA"]
[SourceTitle "EXT 2005"]
[Source "ChessBase"]
[SourceDate "2004.11.15"]
[SourceVersion "1"]
[SourceVersionDate "2004.11.15"]
[SourceQuality "1"]

1. d4 d5 2. c4 c6 3. Nf3 Nf6 4. Nc3 dxc4 5. a4 Bf5 6. e3 e6 7. Bxc4 Bb4 8. 0-0 0-0 9. Qe2 Ne4 10. Bd2 Nxd2 11. Nxd2 Nd7 12. e4 Bg6 13. Nf3 Qa5 14. Qc2 c5 15. d5 Nb6 16. Nd2 Bxc3 17. bxc3 Nxd5 18. Rac1 Qc7 19. Qd1 Nb6 20. Bb3 Rfd8 21. Qe2 Qd7 22. Nc4 Nxa4 23. Ne5 Qe8 24. f4 f6 25. Nxg6 hxg6 26. f5 Nb6 27. Bxe6+ Kf8 28. Qf2 Qe7 29. Qh4 Ke8 30. Qh7 Qf8 31. Qxg6+ Ke7 32. Qg3 Rd6 33. Qe3 Rc6 34. Rcd1 Rd8 35. e5 fxe5 36. Rxd8 Kxd8 37. Qxe5 1-0